000
00298nam a22001337a 4500
008
170619b xxu||||| |||| 00| 0 eng d
020
_a
9780321089854
041
_a
eng
080
_2
4 ED
_a
32
100
_a
20
101
_a
SHP
245
_a
COMPARATIVE POLITICS
_c
POWELL.G.B
942
_2
udc
_c
BK
999
_c
18194
_d
18194